Normal view
MARC view
- Muhammad Moeen Uddin Durrani
Entry Personal Name
001 - CONTROL NUMBER
- control field: 78771
003 - CONTROL NUMBER IDENTIFIER
- control field: NUST
005 - DATE AND TIME OF LATEST TRANSACTION
- control field: 20210628210247.0
008 - FIXED-LENGTH DATA ELEMENTS
- fixed length control field: 210628|| aca||aabn | a|a d
040 ## - CATALOGING SOURCE
- Original cataloging agency: NUST
- Transcribing agency: NUST
100 ## - HEADING--PERSONAL NAME
- Personal name: Muhammad Moeen Uddin Durrani
670 ## - SOURCE DATA FOUND
- Source citation: Work cat.: (NUST): Muhammad Moeen Uddin Durrani, Anwaar-e-suhaili, 1994
